| 000 | 00462 a2200169 4500 | ||
|---|---|---|---|
| 001 | 189632 | ||
| 020 | _a978-85-64559-02-8 | ||
| 040 | _cMagnum | ||
| 100 | _aArquivo Público da Cidade de Belo Horizonte | ||
| 240 | 1 | 0 |
_aBelo horizonte: regional Pampulha _lpor |
| 245 | 1 | 0 | _aBelo horizonte: regional Pampulha |
| 300 | _a77 | ||
| 362 | 0 | _a2008 | |
| 440 | 1 | _aArquivo Público da Cidade de Belo Horizonte | |
| 697 | _aLITERATURA INFANTO-JUVENIL | ||
| 942 | _cBK | ||
| 999 |
_c189632 _d189632 |
||